000 00298nam a22001217a 4500
008 170228b xxu||||| |||| 00| 0 eng d
041 _aeng
080 _a617
100 _a5
101 _aSHK
245 _aSOME POINTS IN THE SURGERY OF THE BRAIN AND ITS MEMBRANES
_cBALLANCE, CH.A
942 _2udc
_cBK
999 _c6409
_d6409